000 00591nam a2200181 i 4500
001 20405
003 ES-MaACL
005 20250907063035.0
007 t|
008 021112s1892 sp |||| | spa d
100 1 _aAgulló y Prats, Buenaventura,
_d1846-1907
_918904
245 1 0 _aÍndice de las legislaciones hipotecarias nacionales y extranjeras...hasta fin de 1890 /
_cBuenaventura Agulló y Prats.
260 _a[S.l. :
_bTortosa],
_c1892.
300 _a51 p. ;
_c21 cm.
650 4 _aHipotecas-
_zEspaña.
_913364
852 _aES-MaACL
_jT-1089-F-2
999 _c20405
_d20405